Roulotte:08/ (Record no. 4043)

MARC details
000 -LEADER
campo de control de longitud fija 00738nam a22002657a 4500
003 - IDENTIFICADOR DE NÚMERO DE CONTROL
campo de control OSt
005 - FECHA Y HORA DE LA ÚLTIMA TRANSACCIÓN
campo de control 20230712133441.0
008 - DATOS DE LONGITUD FIJA--INFORMACIÓN GENERAL
campo de control de longitud fija 221006b |||||||| |||| 00| 0 eng d
040 ## - FUENTE DE CATALOGACIÓN
Centro/agencia transcriptor Biblioteca Lado V
082 ## - NÚMERO DE LA CLASIFICACIÓN DECIMAL DEWEY
Número de clasificación 700
Número de ítem A681r
100 ## - ENTRADA PRINCIPAL--NOMBRE DE PERSONA
9 (RLIN) 897
Nombre de persona Arenos, Xavier
Término indicativo de función/relación editor
245 ## - MENCIÓN DEL TÍTULO
Título Roulotte:08/
260 ## - PUBLICACIÓN, DISTRIBUCIÓN, ETC.
Fecha de publicación, distribución, etc. 2013
Nombre del editor, distribuidor, etc. Grafiques Sola
Lugar de publicación, distribución, etc. Catalunya
300 ## - DESCRIPCIÓN FÍSICA
Dimensiones 17x22cm
Extensión 192p.
490 ## - MENCIÓN DE SERIE
Designación de volumen o secuencia 2013
Mención de serie 08
Número Internacional Normalizado para Publicaciones Seriadas 2013 4347
505 ## - NOTA DE CONTENIDO CON FORMATO
Nota de contenido con formato In the Desert of Modernity
505 ## - NOTA DE CONTENIDO CON FORMATO
Nota de contenido con formato Kisangani
505 ## - NOTA DE CONTENIDO CON FORMATO
Nota de contenido con formato Maison Tropicale
505 ## - NOTA DE CONTENIDO CON FORMATO
Nota de contenido con formato Welcome to Turtle Island
505 ## - NOTA DE CONTENIDO CON FORMATO
Nota de contenido con formato UNmap/Nube
505 ## - NOTA DE CONTENIDO CON FORMATO
Nota de contenido con formato Sudsee
505 ## - NOTA DE CONTENIDO CON FORMATO
Nota de contenido con formato The Geopolitics of Art as Querelle
700 ## - ENTRADA AGREGADA--NOMBRE PERSONAL
Nombre de persona Peran, Marti
942 ## - ELEMENTOS DE ENTRADA SECUNDARIOS (KOHA)
Fuente del sistema de clasificación o colocación Clasificación Decimal Dewey
Tipo de ítem Koha Libros
Parte de la signatura que corresponde a la clasificación (Parte de la clasificación) 700
Parte de la signatura que identifica el ejemplar (Parte del ítem) A681r
Suprimir en OPAC No
Holdings
Estatus retirado Estado de pérdida Fuente del sistema de clasificación o colocación Especificación de materiales (volumen encuadernado u otra parte) Estado de daño No para préstamo Colección Biblioteca de origen Biblioteca actual Fecha de adquisición Enumeración/cronología de publicación seriada Número de inventario Total de préstamos Signatura topográfica completa Código de barras Visto por última vez Precio de reemplazo Tipo de ítem Koha
    Clasificación Decimal Dewey 2013     Revistas Biblioteca LadoV Biblioteca LadoV 12/07/2023 08 003195   700 A681r 003195 12/07/2023 12/07/2023 Libros